00293nam a2200121Ia 45000030006000000080041000060400015000471000019000622450044000812600017001255460012001420050017001540STCL150530s9999 xx 000 0 und d aSTCLcSTCL aRana Inder, K. aIntroduction to measure and integration bNarosac1997 aEnglish20220125170041.0